Countries With The Most Seats In Their Legislature - Statistics

General Stats
  • This quiz has been taken 15 times
  • The average score is 73 of 89
Answer Stats
Number Answer Name
Official Language /
(Romanized)
% Correct
257 Argentina Chamber of Deputies Cámara de Diputados
100%
150 Australia House of Representatives
100%
513 Brazil Chamber of Deputies Câmara dos Deputados
100%
2977 China National People's Congress 全国人民代表大会 (Quánguó rénmín dàibiǎo dàhuì)
100%
500 Democratic Republic of the Congo National Assembly Assemblée nationale
100%
577 France National Assembly Assemblée nationale
100%
630 Germany Federal Diet Bundestag
100%
300 Greece Parliament of the Hellenes Βουλή των Ελλήνων (Voulí ton Ellínon)
100%
580 Indonesia People's Representative Council of the Republic Dewan Perwakilan Rakyat Republik
100%
290 Iran Islamic Consultative Assembly مجلس شورای اسلامی (Majles-e Shurâ-ye Eslâmi)
100%
687 North Korea Supreme People's Assembly 최고인민회의 (Ch'oego Inmin Hoeŭi)
100%
169 Norway The Great Thing Stortinget
100%
336 Pakistan National Assembly قومی اسمبلی (Qọ̄mī Assembly)/ ایوانِ زیریں (Aiwān-ē-Zairīñ)
100%
450 Russia State Duma Государственная дума (Gosudarstvennaya duma)
100%
400 South Africa National Assembly Nasionale Vergadering/ iNdlu yesiBethamthetho seNarha/ iNdlu yoWiso-mthetho yeSizwe/ iSishayamthetho sikaZwelonke/ liBandla laVelonkhe/ Seboka sa Maloko a Palamente/ Ntlo ya Seboka sa Naha/ Ntlokokoano Bosetšhaba/ Huvo ya Rixaka/ Buthano ḽa Lushaka
100%
349 Sweden Diet of the Realm Riksdagen
100%
834 United Kingdom The Right Honourable the Lords Spiritual and Temporal in Parliament assembled
100%
441 United States House of Representatives
100%
183 Austria National Council Nationalrat
92%
155 Chile Chamber of Deputies Cámara de Diputadas y Diputados
92%
151 Republic of the Congo National Assembly Assemblée nationale
92%
596 Egypt House of Representatives مجلس النواب (Maglis el-Nowwab)
92%
199 Hungary Country Assembly Országgyűlés
92%
543 India House of People लोक सभा (Lok Sabha)
92%
329 Iraq Council of Representatives مجلس النواب (Majlis an-Nuwwāb)/ ئه‌نجومه‌نی نوێنه‌ران (Encûmena Nûnerên)
92%
400 Italy Chamber of Deputies Camera dei deputati
92%
465 Japan House of Representatives 衆議院 (Shuugiin)
92%
500 Mexico Chamber of Deputies Cámara de Diputados
92%
300 South Korea National Assembly 국회 (Gukhoe)
92%
200 Switzerland National Council Nationalrat/ Conseil national/ Consiglio nazionale/ Cussegl naziunal
92%
500 Thailand House of Representatives สภาผู้แทนราษฎร (Sapha Phuthaen Ratsadon)
92%
500 Vietnam National Assembly Quốc hội
92%
150 Belgium Chamber of Representatives Abgeordnetenkammer/ Chambre des représentants/ Kamer van Volksvertegenwoordigers
85%
343 Canada House of Commons/ Chambre des communes
85%
187 Colombia Chamber of Representatives Cámara de Representantes
85%
470 Cuba National Assembly of People's Power Asamblea Nacional del Poder Popular
85%
179 Denmark The People's Thing Folketinget
85%
547 Ethiopia House of Peoples' Representatives የሕዝብ ተወካዮች ምክር ቤት (Ye-Hizib Tewekayochi Mikir Bēt)/ Manni Maree Bakka Bu'oota Ummataa/ Golaha Wakiilada Shacabka/ ቤት ምኽሪ ተወከልቲ ህዝቢ (Bēt Mkhri Tewekelti Hzbi)/ Ummattah Awlaytiitih Malah Buxa
85%
200 Finland Parliament Eduskunta/ Riksdag
85%
174 Ireland Assembly Dáil
85%
250 Mozambique Assembly of the Republic Assembleia da República
85%
150 Netherlands Second Chamber of the States General Tweede Kamer der Staten-Generaal
85%
316 Philippines House of Representatives Kapulungan ng mga Kinatawan/ Cámara de Representantes
85%
460 Poland Gathering of the Republic Sejm Rzeczypospolitej
85%
230 Portugal Assembly of the Republic Assembleia da República
85%
331 Romania Chamber of Deputies Camera Deputaților
85%
350 Spain Congress of Deputies Congreso de los Diputados/ Diputatuen Kongresua/ Congrés dels Diputats/ Congreso dos Deputados/ Congrès des Deputats/
85%
250 Syria People's Assembly مَجْلِس الشَّعْب (Majlis ash-Shaʻb)
85%
161 Tunisia Assembly of the Representatives of the People مجلس نواب الشعب (Mejlis Nuwwēb esh-She‘b)/ Assemblée des représentants du peuple
85%
450 Ukraine Supreme Council Верховна Рада (Verkhovna Rada)
85%
407 Algeria People's National Assembly المجلس الشعبي الوطني (al-Majlis al-Sha'abi al-Watani)
77%
220 Angola National Assembly Assembleia Nacional
77%
350 Bangladesh National Parliament জাতীয় সংসদ (Jatiyô Shôngshôd)
77%
190 Dominican Republic Chamber of Deputies Cámara de Diputados
77%
276 Ghana Parliament
77%
164 Laos National Assembly ສະພາແຫ່ງຊາດ (Sapha Haengxat)
77%
395 Morocco House of Representatives مَجْلِسُ النُّوَّابِ (Majlis al-Nuwaab)/ ⴰⵙⵇⵇⵉⵎ ⵏ ⵉⵎⵓⵔⴰ (Asqqim n imura)
77%
360 Nigeria House of Representatives
77%
275 Somalia House of the People Golaha Shacabka/ بيت الشعب (Bayt al-Shaeb)
77%
550 South Sudan Reconstituted Transitional National Legislative Assembly
77%
150 Uzbekistan Legislative Chamber of the Oliy Majlis Oliy Majlisi Qonunchilik palatasi/ Олий Мажлис Конунчилик палатаси
77%
277 Venezuela National Assembly Asamblea Nacional
77%
301 Yemen House of Representatives مجلس النواب (Majlis al-Nuwaab)
77%
167 Zambia National Assembly
77%
281 Zimbabwe National Assembly Dare reVanodzika Mitemo yeNyika/ Indlu Yabameli/ Nyumba Ya Malamulo/ Boka Rawanaikha Mitemo Yadziko/ Lubahhe gwebaMilili beMitunhu muPhalamente/ Ha Ndjuu Tcuan Ana Kua Kui E/ Igota Lyabamilili/ Bandhla Revanoemese Mirawu Yenyika/ Nhlengeletano ya Rixaka/ Sehlopano Sa Sechaba/ Ng’anda Yaansi Yamilawu/ Batsenelela Phuthego Ya Setshaba/ Guvhangano ḽa Lushaka/ Inkundla Yesizwe
77%
240 Bulgaria National Assembly Народно събрание (Narodna cəbranie)
69%
200 Czech Republic Chamber of Deputies of the Parliament Poslanecká sněmovna Parlamentu
69%
150 Eritrea National Assembly ሃገራዊ ባይቶ (Hagerawi Baito)
69%
349 Kenya National Assembly Bunge la Taifa
69%
222 Malaysia People's Assembly Dewan Rakyat/ ديوان رعيت‎
69%
275 Nepal House of Representatives प्रतिनिधि सभा (Pratinidhi Sabhā)
69%
165 Senegal National Assembly Assemblée nationale
69%
365 Tanzania Parliament Bunge
69%
601 Türkiye Grand National Assembly Büyük Millet Meclisi
69%
557 Uganda Parliament Bunge
69%
188 Chad National Assembly Assemblée nationale/ الجمعية الوطنية (al-Jameiat al-Watania)
62%
151 Ecuador National Assembly Asamblea Nacional
62%
150 Georgia Parliament პარლამენტი (P'arlament'i)
62%
160 Guatemala Congress of the Republic Congreso de la República
62%
200 Libya Council of Deputies مجلس النواب (Majlis al-Nuwaab)
62%
176 Mauritania National Assembly الجمعية الوطنية (al-Jamʻīyah al-Waṭanīyah)/ 𞤀𞤧𞤢𞥄𞤥𞤦𞤫𞤤𞤫 𞤲𞤺𞤫𞤲𞤲𞤣𞤭 (Asaambele ngenndi)/ Ëttu Ndawi réew
62%
250 Serbia National Assembly of the Republic Народна скупштина Републике (Narodna skupština Republike)
62%
150 Slovakia National Council Národná rada
62%
180 Cameroon National Assembly Assemblée nationale
54%
255 Côte d'Ivoire National Assembly Assemblée nationale
54%
151 Croatia Parliament Sabor
54%
163 Madagascar National Assembly Antenimierampirenena/ Assemblée Nationale
54%
225 Sri Lanka Parliament පාර්ලිමේන්තුව (Pārlimentuvā)/ நாடாளுமன்றம் (Nāṭāḷumaṉṟam)
54%
193 Malawi National Assembly
31%
No matching quizzes found
Score Distribution
Percent of People with Each Score
Percentile by Number Answered
Your Score History
You have not taken this quiz